[Event "Mondiale Lampo FIDE 2019"]
[Site "Mosca"]
[Date "29.12.2019"]
[Round "4.51"]
[White "Frolyanov, Dmitry"]
[Black "Nihal, Sarin"]
[Result "1-0"]
[WhiteTitle "GM"]
[BlackTitle "GM"]
[WhiteElo "2556"]
[BlackElo "2612"]
[WhiteFideId "4151976"]
[BlackFideId "25092340"]
[EventDate "2019.12.29"]

1. e4 c5 2. Nf3 e6 3. d4 cxd4 4. Nxd4 Nc6 5. Nc3 Qc7 6. Be3 a6 7. Be2 Nf6 8. O-O
Be7 9. f4 d6 10. a4 O-O 11. Kh1 Nb4 12. a5 Bd7 13. Qe1 e5 14. fxe5 dxe5 15. Qg3
Rfc8 16. Bh6 g6 17. Nf5 Bxf5 18. Rxf5 Nxc2 19. Raf1 Qd6 20. Bg5 Rxc3 21. Qxc3
Nxe4 22. Bxe7 Qxe7 23. Rxf7 Qxf7 24. Qxc2 Nf2+ 25. Kg1 Kh8 26. Rxf2 Qe7 27. Qc4
Rd8 28. Qf7 Qd6 29. Qf6+ Qxf6 30. Rxf6 Rd2 31. Bf3 Rxb2 32. Rb6 Ra2 33. Rxb7
Rxa5 34. Ra7 Ra4 35. Kf2 e4 36. Be2 a5 37. Ke3 Ra2 38. g3 a4 39. h4 Ra3+ 40. Kf4
Ra2 41. Bc4 Rg2 42. Kg5 Rc2 43. Ra8+ 1-0

[Event "Mondiale Lampo FIDE 2019"]
[Site "Mosca"]
[Date "29.12.2019"]
[Round "4.52"]
[White "Postny, Evgeny"]
[Black "Yilmaz, Mustafa"]
[Result "0-1"]
[WhiteTitle "GM"]
[BlackTitle "GM"]
[WhiteElo "2605"]
[BlackElo "2604"]
[WhiteFideId "2804344"]
[BlackFideId "6302718"]
[EventDate "2019.12.29"]

1. d4 Nf6 2. c4 e6 3. Nf3 c5 4. d5 d6 5. Nc3 exd5 6. cxd5 g6 7. Nd2 Nbd7 8. e4
Bg7 9. Be2 O-O 10. O-O a6 11. a4 Re8 12. Re1 Ne5 13. Nf1 h5 14. h3 Rb8 15. Ra3
c4 16. a5 b5 17. axb6 Qxb6 18. Ne3 Qc5 19. Na4 Qc7 20. Nc3 Nfd7 21. f4 Nd3 22.
Bxd3 cxd3 23. Qxd3 Nc5 24. Qc4 Qb6 25. b4 Qxb4 26. e5 dxe5 27. Qxb4 Rxb4 28. Nc2
Rc4 29. Ne3 exf4 0-1

[Event "Mondiale Lampo FIDE 2019"]
[Site "Mosca"]
[Date "29.12.2019"]
[Round "4.53"]
[White "Vallejo Pons, Francisco"]
[Black "Kazhgaleyev, Murtas"]
[Result "1/2-1/2"]
[WhiteTitle "GM"]
[BlackTitle "GM"]
[WhiteElo "2704"]
[BlackElo "2569"]
[WhiteFideId "2205530"]
[BlackFideId "13700316"]
[EventDate "2019.12.29"]

1. e4 e6 2. d4 d5 3. Nc3 Bb4 4. e5 c5 5. a3 Ba5 6. Qg4 Ne7 7. dxc5 Bxc3+ 8. bxc3
O-O 9. Bd3 Nd7 10. Nf3 Nf5 11. O-O Nxc5 12. h4 Qc7 13. h5 h6 14. Bd2 b6 15. Rfe1
Ne4 16. Bxe4 dxe4 17. Nd4 Kh8 18. Qxe4 Bb7 19. Qg4 Nxd4 20. cxd4 Qxc2 21. Bb4
Rfc8 22. Re3 Qf5 23. Qxf5 exf5 24. e6 f4 25. Ree1 fxe6 26. Rxe6 Rc7 27. Bd6 Rf7
28. Be5 Rd8 29. Rxh6+ Kg8 30. Rg6 Be4 31. Rg5 Kh7 32. f3 Bd5 33. Rg4 Be6 34. Rh4
b5 35. Rb1 a6 36. Rc1 Bc4 37. Kf2 a5 38. a4 Rd5 39. Rxf4 Rxf4 40. Bxf4 Rxd4 41.
Be3 Rd5 42. axb5 Bxb5 43. g4 a4 44. Rc7 Rd7 45. Rxd7 Bxd7 46. Bc5 g6 47. hxg6+
Kxg6 48. Kg3 Be6 49. Kf4 Bd5 50. Ba3 Bc6 51. Kg3 Bb7 52. f4 Bc8 53. f5+ 1/2-1/2

[Event "Mondiale Lampo FIDE 2019"]
[Site "Mosca"]
[Date "29.12.2019"]
[Round "4.54"]
[White "Zvjaginsev, Vadim"]
[Black "Kazakouski, Valery"]
[Result "1/2-1/2"]
[WhiteTitle "GM"]
[BlackTitle "IM"]
[WhiteElo "2627"]
[BlackElo "2485"]
[WhiteFideId "4113403"]
[BlackFideId "13507443"]
[EventDate "2019.12.29"]

1. e4 c5 2. Nf3 a6 3. Be2 b5 4. a4 Bb7 5. axb5 axb5 6. Rxa8 Bxa8 7. d3 e6 8. O-O
d6 9. d4 Qb6 10. d5 exd5 11. exd5 Be7 12. c4 Nf6 13. Nc3 b4 14. Qa4+ Nfd7 15.
Qxa8 bxc3 16. bxc3 O-O 17. Qa2 Bf6 18. Bd2 Re8 19. Bd3 Ne5 20. Nxe5 Bxe5 21. Qb1
Qxb1 22. Rxb1 Nd7 23. f4 Bf6 24. Rb7 Nf8 25. Kf2 h6 26. Kf3 Rd8 27. g4 Rd7 28.
Rb8 Rd8 29. Rxd8 Bxd8 30. g5 h5 31. Bf5 g6 32. Bc8 f5 33. Ke2 Kf7 34. Kd1 Ke7
35. Kc2 Nd7 36. Kb3 Nb6 37. Be6 Kf8 38. Be3 Be7 39. Bd4 cxd4 40. cxd4 Nxc4 41.
Kxc4 Ke8 42. Kb5 Bf8 43. Kc6 Ke7 44. Bg8 Ke8 45. h3 h4 46. Kb5 Ke7 47. Kc4 1/2-1/2

[Event "Mondiale Lampo FIDE 2019"]
[Site "Mosca"]
[Date "29.12.2019"]
[Round "4.55"]
[White "Pashikian, Arman"]
[Black "Gutenev, Alexander"]
[Result "1-0"]
[WhiteTitle "GM"]
[BlackTitle "IM"]
[WhiteElo "2605"]
[BlackElo "2469"]
[WhiteFideId "13301578"]
[BlackFideId "4195540"]
[EventDate "2019.12.29"]

1. d4 Nf6 2. c4 g6 3. Nc3 d5 4. cxd5 Nxd5 5. Nf3 Bg7 6. e4 Nxc3 7. bxc3 c5 8.
Be3 Qa5 9. Qd2 O-O 10. Rc1 Bg4 11. Be2 Nd7 12. d5 c4 13. Bd4 Bxf3 14. gxf3 Rac8
15. Bxg7 Kxg7 16. h4 h5 17. f4 Nf6 18. Bf3 Rfd8 19. f5 Qc7 20. fxg6 fxg6 21. Rg1
Qe5 22. Qg5 Qxg5 23. Rxg5 Nh7 24. Rg3 Kf6 25. Ke2 e5 26. Rcg1 Nf8 27. Bg2 Rc5
28. Ke3 Ra5 29. f4 Rxa2 30. fxe5+ Kxe5 31. Rg5+ Kf6 32. e5+ Kg7 33. Be4 Ra3 34.
Bxg6 Rxc3+ 35. Kd4 Ra3 36. Bf5+ Kf7 37. Rg7+ Ke8 38. Rxb7 Rf3 39. Rgg7 1-0

[Event "Mondiale Lampo FIDE 2019"]
[Site "Mosca"]
[Date "29.12.2019"]
[Round "4.56"]
[White "Popov, Ivan RUS"]
[Black "Deviatkin, Andrei"]
[Result "1-0"]
[WhiteTitle "GM"]
[BlackTitle "GM"]
[WhiteElo "2636"]
[BlackElo "2436"]
[WhiteFideId "4170350"]
[BlackFideId "4121260"]
[EventDate "2019.12.29"]

1. e4 c6 2. Nf3 d5 3. d3 Bg4 4. h3 Bh5 5. Qe2 Bxf3 6. Qxf3 e6 7. g3 Nd7 8. Bg2
g6 9. O-O Bg7 10. c3 Ne7 11. Bg5 h6 12. Be3 O-O 13. Nd2 dxe4 14. dxe4 Ne5 15.
Qd1 Qc7 16. f4 Nd7 17. Qe2 Rad8 18. a4 Rfe8 19. e5 Nd5 20. Bf2 h5 21. h4 Ne7 22.
Ne4 Nf5 23. a5 b6 24. axb6 axb6 25. Rfd1 Nb8 26. Bh3 Rxd1+ 27. Rxd1 Rd8 28. Ra1
c5 29. Bg2 Nc6 30. Ng5 Nce7 31. Rd1 Nd5 32. Qd3 c4 33. Qe2 b5 34. Kh2 Bf8 35.
Bxd5 Rxd5 36. Rxd5 exd5 37. e6 f6 38. Nf3 Be7 39. Nd4 Nd6 40. f5 Ne4 41. fxg6
Qe5 42. Nc6 Qxe6 43. Qxh5 Qxc6 1-0

[Event "Mondiale Lampo FIDE 2019"]
[Site "Mosca"]
[Date "29.12.2019"]
[Round "4.57"]
[White "Ismagambetov, Anuar"]
[Black "Jumabayev, Rinat"]
[Result "0-1"]
[WhiteTitle "GM"]
[BlackTitle "GM"]
[WhiteElo "2528"]
[BlackElo "2646"]
[WhiteFideId "13701525"]
[BlackFideId "13702661"]
[EventDate "2019.12.29"]

1. e4 c5 2. Nc3 Nc6 3. f4 g6 4. Nf3 Bg7 5. Bc4 e6 6. f5 gxf5 7. d3 a6 8. a4 Nge7
9. O-O d5 10. exd5 exd5 11. Ba2 Be6 12. Bf4 Ng6 13. Bg5 Qd7 14. Qd2 h6 15. Bf4
O-O-O 16. Bg3 h5 17. Ne2 h4 18. Bf2 d4 19. h3 Bh6 20. Qd1 Be3 21. Kh1 f4 22. Ng5
Bxa2 23. Rxa2 Qd5 24. Bxe3 dxe3 0-1

[Event "Mondiale Lampo FIDE 2019"]
[Site "Mosca"]
[Date "29.12.2019"]
[Round "4.58"]
[White "Yuffa, Daniil"]
[Black "Vastrukhin, Oleg"]
[Result "1/2-1/2"]
[WhiteTitle "GM"]
[BlackTitle "IM"]
[WhiteElo "2566"]
[BlackElo "2428"]
[WhiteFideId "24131423"]
[BlackFideId "4192770"]
[EventDate "2019.12.29"]

1. d4 g6 2. e4 Bg7 3. Nc3 c6 4. Nf3 d5 5. h3 Nf6 6. e5 Ne4 7. Bd3 Nxc3 8. bxc3
c5 9. O-O O-O 10. Bg5 Nc6 11. Qd2 Qa5 12. Rab1 cxd4 13. cxd4 Qxd2 14. Bxd2 b6
15. c4 dxc4 16. Bxc4 Bb7 17. Rbc1 Rac8 18. Bg5 h6 19. Be3 e6 20. Rfd1 Na5 21.
Be2 Rxc1 22. Rxc1 Rc8 23. Rxc8+ Bxc8 24. Bd2 Bb7 25. Bxa5 bxa5 26. Nd2 Bf8 27.
Nc4 Bb4 28. Nd6 Bd5 29. Bc4 Bxc4 30. Nxc4 Bc3 31. Kf1 Bxd4 32. Nxa5 Kf8 33. Ke2
Ke8 34. Nc6 Bc5 35. f4 Kd7 36. Na5 Bb6 37. Nc4 Bc5 38. Kd3 Kc6 39. Ke4 a6 40. g4
Bb4 41. h4 h5 42. gxh5 gxh5 43. f5 exf5+ 44. Kxf5 Be7 45. Nd6 f6 46. Nf7 fxe5
47. Nxe5+ Kd5 48. Nf3 Kc4 49. Ng5 Kb4 50. Kg6 Ka3 51. Kxh5 Kxa2 52. Kg6 a5 53.
h5 Bd6 54. h6 Be5 55. Ne6 a4 56. Ng7 a3 57. h7 Bxg7 58. Kxg7 Kb1 59. h8=Q a2 60.
Qh1+ Kb2 61. Qg2+ Kb1 62. Qf1+ Kb2 63. Qe2+ Kb1 1/2-1/2

[Event "Mondiale Lampo FIDE 2019"]
[Site "Mosca"]
[Date "29.12.2019"]
[Round "4.59"]
[White "Murzin, Volodar"]
[Black "Hansen, Eric"]
[Result "1-0"]
[WhiteTitle "IM"]
[BlackTitle "GM"]
[WhiteElo "2442"]
[BlackElo "2606"]
[WhiteFideId "44155573"]
[BlackFideId "2606771"]
[EventDate "2019.12.29"]

1. e4 c5 2. Nf3 e6 3. g3 Nc6 4. Bg2 Nf6 5. d3 d5 6. Nbd2 g6 7. O-O Bg7 8. Re1
O-O 9. c3 b6 10. e5 Nd7 11. d4 a5 12. a4 cxd4 13. cxd4 Nb4 14. Nf1 Ba6 15. Bg5
Qe8 16. Ra3 h6 17. Be3 Rc8 18. Rc3 Qe7 19. Qd2 Kh7 20. Rec1 Na2 21. Rxc8 Rxc8
22. Rxc8 Bxc8 23. Qc2 Qd8 24. N1d2 Nb4 25. Qc3 Ba6 26. Bf1 Bxf1 27. Kxf1 Nb8 28.
h4 Qd7 29. b3 b5 30. Qc5 bxa4 31. Qxa5 Qb7 32. bxa4 N4c6 33. Qb5 Qe7 34. Kg2 Bf8
35. Nb3 Qa3 36. h5 gxh5 37. Nc5 Bxc5 38. dxc5 Kg7 39. Nd4 Nxd4 40. Bxd4 Qc1 41.
Qxb8 Qc4 42. Qb2 Qxa4 43. Qc3 Qc6 44. Qe3 Kg6 45. Qf4 Qb7 46. Kh2 Kg7 47. Be3
Kg8 48. Qxh6 1-0

[Event "Mondiale Lampo FIDE 2019"]
[Site "Mosca"]
[Date "29.12.2019"]
[Round "4.60"]
[White "Suleymanli, Aydin"]
[Black "Donchenko, Alexander"]
[Result "0-1"]
[WhiteTitle "IM"]
[BlackTitle "GM"]
[WhiteElo "2473"]
[BlackElo "2644"]
[WhiteFideId "13413937"]
[BlackFideId "24603295"]
[EventDate "2019.12.29"]

1. d4 Nf6 2. c4 e6 3. Nc3 Bb4 4. e3 O-O 5. Ne2 Re8 6. a3 Bf8 7. Ng3 d5 8. cxd5
exd5 9. b4 c6 10. Bd3 Nbd7 11. O-O a5 12. b5 c5 13. dxc5 Nxc5 14. Bc2 Bg4 15. f3
Be6 16. Nce2 h5 17. Nd4 h4 18. Nge2 Rc8 19. Bd2 Bd6 20. Qe1 g6 21. Bxa5 Qe7 22.
Qxh4 Kg7 23. Bc3 Rh8 24. Qg5 Bxh2+ 25. Kf2 Ncd7 26. Bf5 Rh6 27. Bxe6 fxe6 28.
Rh1 Rxc3 29. Nxc3 Rh5 30. Qxh5 Nxh5 31. Rxh2 Qd6 32. Rh3 Ne5 33. Nde2 Nd3+ 34.
Kg1 Qc5 35. Rd1 Qxe3+ 36. Kh2 Nf2 37. Rxh5 gxh5 38. Rc1 d4 39. Nxd4 Qxc1 0-1

[Event "Mondiale Lampo FIDE 2019"]
[Site "Mosca"]
[Date "29.12.2019"]
[Round "4.61"]
[White "Alekseenko, Kirill"]
[Black "Tengis, Tsog-Ochir"]
[Result "0-1"]
[WhiteTitle "GM"]
[BlackTitle "FM"]
[WhiteElo "2704"]
[BlackElo "2190"]
[WhiteFideId "4135539"]
[BlackFideId "4902718"]
[EventDate "2019.12.29"]

1. e4 e5 2. Nf3 Nc6 3. Bc4 Bc5 4. c3 Nf6 5. d3 O-O 6. O-O d6 7. h3 h6 8. Re1 a6
9. a4 Be6 10. Bxe6 fxe6 11. d4 exd4 12. cxd4 Bb6 13. Be3 Nxe4 14. d5 Ne5 15.
Bxb6 Nxf3+ 16. gxf3 Ng5 17. Be3 Nxf3+ 18. Kg2 Nxe1+ 19. Qxe1 exd5 20. Nc3 Qf6
21. Qd1 c6 22. Qg4 Rae8 23. Ne2 Re4 24. Qg3 d4 25. Bxd4 Rxd4 26. Nxd4 Qxd4 27.
Re1 Rf5 28. h4 Re5 29. Rg1 Qxb2 30. Kh1 Re2 31. Qxd6 Qe5 32. Qd8+ Kh7 33. Qd3+
Qe4+ 34. Qxe4+ Rxe4 35. Rb1 Rxh4+ 36. Kg2 b5 37. axb5 cxb5 38. Ra1 Ra4 39. Rc1
b4 40. Rc4 a5 41. f4 Ra2+ 42. Kh3 b3 0-1

[Event "Mondiale Lampo FIDE 2019"]
[Site "Mosca"]
[Date "29.12.2019"]
[Round "4.62"]
[White "Nozdrachev, Vladislav"]
[Black "Batchuluun, Tsegmed"]
[Result "1/2-1/2"]
[WhiteTitle "IM"]
[BlackTitle "GM"]
[WhiteElo "2494"]
[BlackElo "2530"]
[WhiteFideId "24113441"]
[BlackFideId "4900847"]
[EventDate "2019.12.29"]

1. e4 e5 2. Nf3 Nc6 3. Bc4 Bc5 4. O-O Nf6 5. d3 d6 6. c3 a6 7. a4 h6 8. Nbd2 O-O
9. Re1 Re8 10. Nf1 Ba7 11. Ng3 Be6 12. Bxe6 Rxe6 13. d4 d5 14. c4 Nxd4 15. exd5
Nxf3+ 16. Qxf3 Re8 17. Nf5 Nh7 18. Qg3 Qf6 19. Nxh6+ Kh8 20. Ng4 Qf5 21. Ra3 e4
22. Be3 c6 23. Bxa7 Rxa7 24. Rf3 Qd7 25. Ne5 Rxe5 26. Qxe5 exf3 27. Qe8+ Nf8 28.
Qxf8+ Kh7 29. gxf3 cxd5 30. Qc5 b6 31. Qxd5 Qxd5 32. cxd5 Rd7 33. Rd1 Kg6 34.
Kg2 Kf5 35. Kg3 Rd6 36. f4 Ke4 37. f3+ Kf5 38. Rd4 a5 39. Kf2 Kf6 40. Ke3 Ke7
41. Rd2 Rh6 42. d6+ Rxd6 43. Rxd6 Kxd6 44. Kd4 f5 45. Kc4 Kc6 46. h3 g6 47. h4
Kd6 48. Kb5 Kc7 49. Ka6 Kc6 50. b3 Kc7 51. Kb5 Kb7 52. b4 axb4 53. Kxb4 Ka6 54.
Kb3 Ka5 55. Ka3 b5 56. axb5 Kxb5 57. Kb3 Kc5 58. Kc3 Kd5 59. Kd3 Kc5 60. Kc3 Kd5
61. Kd3 1/2-1/2

[Event "Mondiale Lampo FIDE 2019"]
[Site "Mosca"]
[Date "29.12.2019"]
[Round "4.63"]
[White "Tsvetkov, Andrey"]
[Black "Giri, Anish"]
[Result "1/2-1/2"]
[WhiteTitle "FM"]
[BlackTitle "GM"]
[WhiteElo "2350"]
[BlackElo "2769"]
[WhiteFideId "34139360"]
[BlackFideId "24116068"]
[EventDate "2019.12.29"]

1. d4 Nf6 2. c4 c5 3. d5 g6 4. Nc3 Bg7 5. e4 d6 6. Nf3 O-O 7. Bd3 e6 8. h3 Nbd7
9. O-O e5 10. a3 Kh8 11. b4 b6 12. Be3 Ng8 13. Qc2 Bh6 14. Bxh6 Nxh6 15. Qd2 Ng8
16. Rab1 Ndf6 17. bxc5 bxc5 18. Rb2 Nh5 19. Rfb1 f5 20. Rb8 Rxb8 21. Rxb8 Qc7
22. Qb2 Ng7 23. Ra8 Nf6 24. Nd2 Kg8 25. Nb5 Qb6 26. Rxa7 Bd7 27. Ra4 Ngh5 28.
Qc3 Nf4 29. Bf1 fxe4 30. Qa5 Qb8 31. Qa7 Qd8 32. Ra6 Bxb5 33. cxb5 Nd3 34. b6
Nxf2 35. b7 Nd7 36. Rxd6 Nxh3+ 37. gxh3 Qg5+ 38. Bg2 Qe3+ 39. Kh1 Qxd2 40. Rxd7
Qc1+ 41. Kh2 Qf4+ 42. Kh1 Qc1+ 43. Kh2 Qf4+ 44. Kh1 1/2-1/2

[Event "Mondiale Lampo FIDE 2019"]
[Site "Mosca"]
[Date "29.12.2019"]
[Round "4.64"]
[White "Moiseenko, Vadim"]
[Black "Le, Quang Liem"]
[Result "0-1"]
[WhiteTitle "GM"]
[BlackTitle "GM"]
[WhiteElo "2526"]
[BlackElo "2713"]
[WhiteFideId "4123700"]
[BlackFideId "12401137"]
[EventDate "2019.12.29"]

1. e4 c5 2. c3 Nf6 3. e5 Nd5 4. Nf3 Nc6 5. Bc4 Nb6 6. Bb3 c4 7. Bc2 d6 8. exd6
Qxd6 9. O-O Bg4 10. Re1 e6 11. a4 Qc7 12. h3 Bh5 13. a5 Nd5 14. d3 cxd3 15. Qxd3
Rd8 16. Qe2 a6 17. Bg5 Be7 18. Bxe7 Ndxe7 19. b4 O-O 20. Nbd2 Nd5 21. Ne4 Ne5
22. g4 Nf4 23. Qe3 Nxh3+ 24. Kg2 Nxg4 25. Qc5 Nf4+ 26. Kg3 Qb8 27. Kh4 Rd5 28.
Qc4 Ng6+ 29. Kh3 Rc8 30. Nc5 Nxf2+ 31. Kg2 Ng4 32. Bxg6 hxg6 33. Re4 Nf6 34. Rf4
Qd6 35. Rf1 g5 36. Rd4 g4 37. Ng5 Rxd4 38. cxd4 Bg6 39. Qc3 Qd5+ 40. Kg1 Qxg5 0-1

[Event "Mondiale Lampo FIDE 2019"]
[Site "Mosca"]
[Date "29.12.2019"]
[Round "4.65"]
[White "Vachier-Lagrave, Maxime"]
[Black "Reshetnikov, Alexey"]
[Result "1-0"]
[WhiteTitle "GM"]
[BlackTitle "IM"]
[WhiteElo "2780"]
[BlackElo "2492"]
[WhiteFideId "623539"]
[BlackFideId "4162080"]
[EventDate "2019.12.29"]

1. c4 c6 2. d4 d5 3. Nf3 Nf6 4. e3 Bf5 5. Nc3 e6 6. Nh4 Be4 7. f3 Bg6 8. Qb3 Qc7
9. Bd2 Nbd7 10. Rc1 Qb6 11. g3 Bd6 12. c5 Qxb3 13. axb3 Bc7 14. b4 a6 15. Kf2
O-O-O 16. Ra1 Bc2 17. Be2 g5 18. Ng2 Bg6 19. Ra3 e5 20. h4 h6 21. g4 e4 22. f4
gxf4 23. exf4 h5 24. g5 Ng4+ 25. Bxg4 hxg4 26. Ne2 Nf8 27. Ng3 Ne6 28. h5 Bh7
29. Be3 Rdg8 30. Rh4 Ng7 31. Rxg4 Nf5 32. Ra1 Nxg3 33. Rxg3 Bf5 34. Rh1 Kd7 35.
Bd2 Ke6 36. Rh4 Rh7 37. Ne3 Rgh8 38. h6 Rg8 39. Nf1 Rg6 40. Rh1 Rg8 41. Be3 Bg6
42. Rgg1 f5 43. gxf6 Kxf6 44. Ng3 Rgh8 45. f5 Bxg3+ 46. Rxg3 Bxf5 47. Bf4 Ke6
48. Ke3 Rf8 49. Rhg1 Rf6 50. Rg7 Rfxh6 51. Bxh6 Rxh6 52. Rxb7 Rh3+ 53. Kf4 Rf3+
54. Kg5 e3 55. Rc7 Bd3 56. Rxc6+ Ke7 57. Kg4 Rf2 58. Kg3 Rf8 59. Re1 e2 60. Rh6
Rf1 61. Rh1 Kd7 62. Rg1 Kc6 63. Kg2 Rf6 64. Rc1 Kb5 65. Rge1 Rg6+ 66. Kf2 Re6
67. Rc3 Bc4 68. Rxc4 Kxc4 69. Rxe2 Rf6+ 70. Ke3 Kxb4 71. Rc2 Re6+ 72. Kd2 Kb5
73. Rc3 Re4 74. c6 Rxd4+ 75. Kc2 1-0

[Event "Mondiale Lampo FIDE 2019"]
[Site "Mosca"]
[Date "29.12.2019"]
[Round "4.66"]
[White "Rozum, Ivan"]
[Black "Korobov, Anton"]
[Result "1/2-1/2"]
[WhiteTitle "GM"]
[BlackTitle "GM"]
[WhiteElo "2573"]
[BlackElo "2668"]
[WhiteFideId "24104272"]
[BlackFideId "14105730"]
[EventDate "2019.12.29"]

1. Nf3 d5 2. g3 g6 3. Bg2 Bg7 4. d4 Nf6 5. O-O O-O 6. c4 c6 7. Nbd2 Bf5 8. b3
Ne4 9. Bb2 Qa5 10. Nxe4 Bxe4 11. e3 Nd7 12. Qe2 b5 13. cxb5 cxb5 14. Bh3 Nf6 15.
Nd2 Bf5 16. Bxf5 gxf5 17. Nf3 Rfc8 18. Ne5 Rc7 19. Nd3 b4 20. a3 bxa3 21. Bxa3
Qb5 22. Rfc1 Rac8 23. Bxe7 Ne4 24. Rxc7 Rxc7 25. Bd8 Rc3 26. Nf4 Qxb3 27. Qa2
Rc1+ 28. Kg2 Qc2 29. Qxc2 Rxc2 30. Nh3 Bh6 31. Ra3 a6 32. Kf3 Rc6 33. Ba5 Kg7
34. Be1 Kf6 35. Ra5 Ke6 36. Nf4+ Bxf4 37. Kxf4 h5 38. Kf3 Ng5+ 39. Ke2 Ne4 40.
h4 Nd6 41. Bb4 Nc4 42. Ra2 a5 43. Bc5 Ra6 44. Ra4 Nb2 45. Ra2 Nd3 46. Ra4 Kd7
47. Bf8 Kc6 48. Kf3 1/2-1/2

[Event "Mondiale Lampo FIDE 2019"]
[Site "Mosca"]
[Date "29.12.2019"]
[Round "4.67"]
[White "Dominguez Perez, Leinier"]
[Black "Santos Ruiz, Miguel"]
[Result "1-0"]
[WhiteTitle "GM"]
[BlackTitle "GM"]
[WhiteElo "2758"]
[BlackElo "2585"]
[WhiteFideId "3503240"]
[BlackFideId "22291482"]
[EventDate "2019.12.29"]

1. e4 e5 2. Nf3 Nc6 3. Bc4 Nf6 4. d3 Bc5 5. c3 O-O 6. Nbd2 d6 7. O-O a5 8. h3 h6
9. Re1 Be6 10. Bb5 Bd7 11. Nf1 Ne7 12. Bxd7 Qxd7 13. Ng3 Rfe8 14. d4 exd4 15.
cxd4 Bb6 16. Bd2 Qb5 17. a4 Qd7 18. Bc3 d5 19. e5 Nh7 20. Nh5 Ng6 21. Nh2 c5 22.
dxc5 Bxc5 23. Nxg7 Red8 24. e6 Qc7 25. Nf5 Qf4 26. exf7+ Kxf7 27. Ng4 d4 28. Bd2
Qc7 29. Qb3+ 1-0

[Event "Mondiale Lampo FIDE 2019"]
[Site "Mosca"]
[Date "29.12.2019"]
[Round "4.68"]
[White "Zhigalko, Sergei"]
[Black "Samsonkin, Artiom"]
[Result "1-0"]
[WhiteTitle "GM"]
[BlackTitle "IM"]
[WhiteElo "2571"]
[BlackElo "2428"]
[WhiteFideId "13502956"]
[BlackFideId "13503111"]
[EventDate "2019.12.29"]

1. e4 c5 2. c3 e6 3. d4 d5 4. exd5 exd5 5. Nf3 Nc6 6. Bb5 Bd6 7. O-O Ne7 8. dxc5
Bxc5 9. Nbd2 O-O 10. Nb3 Bb6 11. Bd3 Bf5 12. Re1 Qd7 13. Be3 Bc7 14. Nc5 Qc8 15.
h3 Re8 16. Qc2 Bd6 17. Nb3 Nb4 18. cxb4 Qxc2 19. Bxc2 Bxc2 20. Nbd4 Be4 21. a3
a6 22. Nd2 Rac8 23. Rac1 Rxc1 24. Rxc1 Rc8 25. Rd1 Be5 26. N2b3 b6 27. f3 Bc2
28. Rd2 Bg6 29. Kf2 f6 30. Ne2 Rc2 31. Bxb6 Bxb2 32. a4 Nc6 33. Bc5 Ne5 34. Nf4
Bc3 35. Rxc2 Bxc2 36. Nd4 Bxa4 37. Nxd5 Nd3+ 38. Ke3 Nxc5 39. Nxc3 1-0

[Event "Mondiale Lampo FIDE 2019"]
[Site "Mosca"]
[Date "29.12.2019"]
[Round "4.69"]
[White "Narayanan, Srinath"]
[Black "Anton Guijarro, David"]
[Result "0-1"]
[WhiteTitle "GM"]
[BlackTitle "GM"]
[WhiteElo "2529"]
[BlackElo "2685"]
[WhiteFideId "5018420"]
[BlackFideId "2285525"]
[EventDate "2019.12.29"]

1. e4 c5 2. Nf3 Nc6 3. Bb5 g6 4. Bxc6 dxc6 5. d3 Bg7 6. h3 Nf6 7. Nc3 Nd7 8. Be3
e5 9. Qd2 h6 10. O-O b6 11. Nh2 Nf8 12. f4 exf4 13. Bxf4 Ne6 14. Bg3 Qg5 15. Qe1
Nd4 16. Qf2 O-O 17. Bf4 Qe7 18. e5 g5 19. Bg3 f5 20. exf6 Rxf6 21. Qd2 Rxf1+ 22.
Rxf1 Bf5 23. Nf3 Bg6 24. Nxd4 Bxd4+ 25. Kh2 Re8 26. Re1 Qf7 27. Ne4 Bxe4 28.
dxe4 Qxa2 29. e5 Qd5 30. Qd3 Kg7 31. Qf5 Qe6 32. Qf6+ Qxf6 33. exf6+ Kf7 34. Ra1
a5 35. Bc7 c4 36. c3 Bc5 37. Rf1 a4 38. Kg3 h5 39. h4 gxh4+ 40. Kxh4 Re2 41. g3
Rxb2 42. Kxh5 a3 43. g4 a2 44. g5 Rb1 45. g6+ Ke6 0-1

[Event "Mondiale Lampo FIDE 2019"]
[Site "Mosca"]
[Date "29.12.2019"]
[Round "4.70"]
[White "Sutovsky, Emil"]
[Black "Sadhwani, Raunak"]
[Result "0-1"]
[WhiteTitle "GM"]
[BlackTitle "IM"]
[WhiteElo "2643"]
[BlackElo "2507"]
[WhiteFideId "2802007"]
[BlackFideId "35093487"]
[EventDate "2019.12.29"]

1. e4 e5 2. Nf3 Nc6 3. Bb5 a6 4. Ba4 Nf6 5. O-O Be7 6. Re1 b5 7. Bb3 O-O 8. a4
b4 9. d4 d6 10. dxe5 Nxe5 11. Nxe5 dxe5 12. Qe2 Bb7 13. Nd2 Nd7 14. Nc4 Nc5 15.
Nxe5 Nxb3 16. cxb3 Re8 17. Qc4 Bf6 18. Nxf7 Qd5 19. Qxb4 a5 20. exd5 axb4 21.
Bd2 Kxf7 22. Bxb4 Bxd5 23. Rec1 c6 24. Bc3 Bg5 25. Rd1 Bxb3 26. Rd7+ Re7 27.
Rxe7+ Bxe7 28. a5 Bc4 29. b4 Ba6 30. Re1 Rd8 31. f3 Rd3 32. Rc1 Bg5 33. f4 Bxf4
34. Rf1 g5 35. Ba1 Rb3 36. Re1 Rxb4 37. g3 Bd6 38. Rd1 Ke6 39. Re1+ Kf5 40. Kg2
Ra4 41. Bc3 Ra2+ 42. Kh1 Bc4 43. Bd4 Bd5+ 44. Kg1 Rxa5 45. Rf1+ Kg4 46. Rf6 Bc5
47. Bxc5 Rxc5 48. Rh6 Be4 49. Kf2 Rc2+ 50. Ke3 Bg6 51. Kd4 c5+ 52. Ke5 c4 53.
Kf6 Rf2+ 54. Kg7 c3 55. h4 c2 0-1

[Event "Mondiale Lampo FIDE 2019"]
[Site "Mosca"]
[Date "29.12.2019"]
[Round "4.71"]
[White "Tissir, Mohamed"]
[Black "Shimanov, Aleksandr"]
[Result "0-1"]
[WhiteTitle "IM"]
[BlackTitle "GM"]
[WhiteElo "2379"]
[BlackElo "2587"]
[WhiteFideId "9000240"]
[BlackFideId "4198603"]
[EventDate "2019.12.29"]

1. e4 c6 2. d4 d5 3. Nd2 dxe4 4. Nxe4 Nf6 5. Nxf6+ exf6 6. c3 Bd6 7. Bd3 O-O 8.
Ne2 Re8 9. Qc2 h5 10. O-O h4 11. h3 Nd7 12. Be3 Nf8 13. Rae1 Bc7 14. Qc1 Be6 15.
a3 Ng6 16. Nf4 Bxf4 17. Bxf4 Qd7 18. Re2 Bf5 19. Bxf5 Qxf5 20. Rxe8+ Rxe8 21.
Be3 b5 22. Rd1 Qd5 23. Qc2 Ne7 24. Re1 Nf5 25. Bd2 Re6 26. Rxe6 fxe6 27. Qd3 a5
28. Kf1 a4 29. Be3 Nd6 30. Bc1 Kf7 31. Kg1 Qf5 32. Qxf5 Nxf5 33. Kf1 Ke7 34. Ke2
Kd6 35. Kd3 Kd5 36. Bd2 Nd6 37. Bc1 Nc4 38. f3 Nd6 39. Bf4 Nf5 40. Bd2 Ne7 41.
Bc1 Nc8 42. Bd2 Nb6 43. Be3 Nc4 44. Bc1 g6 45. Kc2 Na5 46. Kd3 c5 47. dxc5 Kxc5
48. Bh6 Nc4 49. Kc2 Kd5 50. Bc1 e5 51. Kd3 f5 52. Kc2 e4 53. fxe4+ Kxe4 54. Bg5
f4 55. Bf6 Ne3+ 56. Kd2 Nxg2 57. b3 axb3 58. c4 bxc4 59. a4 Ne3 60. a5 c3+ 61.
Bxc3 Nc4+ 62. Ke2 Nxa5 0-1